| 000 | 01011nam a22002655i 4500 | ||
|---|---|---|---|
| 001 | 166695 | ||
| 003 | ES-MaACL | ||
| 005 | 20250830095401.0 | ||
| 008 | 990420s1865 sp |||| | spa d | ||
| 040 |
_aCCPB | B _bspa _cCCPB | B |
||
| 100 | 1 |
_aTubino, Francisco María, _d1833-1888 _9111620 |
|
| 245 | 1 | 0 |
_aEstudios contemporáneos / _cpor Francisco M. Tubino. |
| 260 |
_aSevilla : _bLa Andalucia, _c1865. |
||
| 300 |
_aXX, 406, 81 p. ; _c22 cm. |
||
| 505 | 8 | _aIncluye: De la justicia y la libertad en las elecciones | |
| 530 | _aDisponible también en sitio web. | ||
| 597 | _aAntep. | ||
| 650 | 0 | 4 |
_aValores sociales. _917729 |
| 650 | 0 | 7 |
_aEstado _2embne _912523 |
| 650 | 7 |
_aDerecho electoral _2embne _9152276 |
|
| 740 | 0 | _aDe la justicia y la libertad en las elecciones. | |
| 852 |
_aES-MaACL _jG-7781 _z-- Enc. tela |
||
| 856 |
_uhttp://bibliotecadigitalhispanica.bne.es:80/webclient/DeliveryManager?pid=3312338&custom_att_2=simple_viewer _zIr a la página |
||
| 999 |
_c166695 _d166695 |
||